000 00721nam a2200217 a 4500
001 009846
003 BD-ChCU
008 Ben
020 _a
040 _aDLC
_cDLC
_dBD-ChCU
082 0 0 _a১৯০/রায়৭১পা
100 1 _aরায়, শ্রীতারকচন্দ্র
_b-
245 1 0 _aপাশ্চাত্য দর্শনের ইতিহাস
_b-
250 _a***
260 _aকলিকাতা
_bকলিকাতা বিশ্ববিদ্যালয়
_c১৯৯১
300 _a**
504 _a- Biblio-
650 0 _aদর্শন, পাশ্চাত্য
_bদর্শন, পাশ্চাত্য
700 1 _a-
942 _2ddc
_cBK
999 _c9846
_d9846